000
00294nam a22001217a 4500
999
_c
263080
_d
263079
020
_a
0670533289
100
_a
Hall Donald,
245
_a
Ox-cart man
250
_a
1st ed.
260
_a
New York
_b
Viking Press.
_c
1979
300
_a
[40] p.
_b
col. ill. ;
_e
22 x 28 cm.
942
_c
BK